[Event "RUS-chT 11th"]
[Site "Sochi"]
[Date "2004.04.21"]
[Round "2.1"]
[White "Gelfand, Boris"]
[Black "Fominyh, Alexander"]
[Result "1/2-1/2"]
[WhiteElo "2714"]
[BlackElo "2579"]
[Annotator "Gelfand,B"]
[PlyCount "73"]
[EventDate "2004.04.20"]
[EventType "team-tourn"]
[EventRounds "9"]
[EventCountry "RUS"]
[SourceTitle "EXT 2020"]
[Source "ChessBase"]
[SourceDate "2019.10.17"]
[SourceVersion "1"]
[SourceVersionDate "2019.10.17"]
[SourceQuality "1"]
[WhiteTeam "Samara Termosteps"]
[BlackTeam "Vladivostok Debiut-DVGU"]
[WhiteTeamCountry "RUS"]
[BlackTeamCountry "RUS"]

1. d4 d5 2. Nf3 Nf6 3. c4 dxc4 4. e3 Bg4 5. Bxc4 e6 6. Nc3 Nbd7 7. O-O c6 8.
Be2 Be7 9. e4 O-O 10. Be3 Bb4 11. e5 (11. Qc2 c5 12. Rfd1 cxd4 13. Bxd4 Bxf3
14. Bxf3 Qb8 15. g3 Ne5 16. Bg2 Rd8 17. Qe2 Nc6 18. Bxf6 gxf6 19. Nd5 $1 $16 {
1-0 Bareev,E-Fominyh,A/Dagomys RUS 2004/The Week in Chess 494 (37)}) 11... Nd5
12. Nxd5 cxd5 13. Ng5 $5 $146 (13. Rc1 Nb8 14. Ng5 Bf5 15. Bd3 Be7 16. Bxf5
exf5 17. Qh5 Bxg5 18. Bxg5 Qb6 19. Be7 Re8 20. Qxf5 Nc6 21. Bc5 Qxb2 22. Rb1
Qxa2 23. Rxb7 $16 {1-0 Vladimirov,E-Fominyh,A/Mumbai 2003/CBM 93 ext (27)})
13... Bf5 14. Bd3 (14. g4 Bg6 15. h4 Be7 (15... h6 16. h5) 16. f4 h6 17. h5 (
17. f5 hxg5 18. fxg6 gxh4) 17... hxg5 18. hxg6 gxf4 19. Bxf4 Bg5 $132) 14...
Be7 15. Bxf5 exf5 (15... Bxg5 $142 16. f4 (16. Bd3 Bxe3 17. fxe3 f5 $11) 16...
exf5 (16... Bh6 17. Bd3 Qb6 18. Qe2 $14) 17. fxg5 g6 18. g4 $14) 16. Nh3 Nb6
17. Nf4 (17. Qh5 Qd7 18. Bg5 f6 19. exf6 Bxf6 20. Bxf6 Rxf6 21. Nf4 $14) 17...
Qd7 18. Qf3 Rac8 19. Qg3 Rc6 20. Nh5 Rg6 21. Qf3 $16 Rc6 22. b3 (22. Kh1 $5 Nc4
23. Bc1) 22... Rfc8 23. Kh1 Na8 24. Rg1 Nc7 25. h3 (25. g4 fxg4 26. Rxg4 Rg6
27. Rag1 Bf8 $14 (27... Ne6 28. Ng3)) 25... g6 26. g4 $5 fxg4 (26... gxh5 27.
gxf5+ Kf8 28. Qxh5 $18) 27. Rxg4 (27. hxg4 $2 gxh5 28. gxh5+ Kh8 29. Qg3 Ne6
30. Bh6 (30. f4 f5) 30... Ng5 $19) 27... Ne6 28. Rag1 Qd8 29. Nf4 $1 (29. Ng3
Ng7) 29... Nxf4 30. Rxf4 f6 31. h4 fxe5 32. dxe5 Bxh4 33. Rd4 $2 (33. Qh3 Be7
34. Bd4 $1 (34. e6 Bf6 35. Bd4 Bxd4 36. Rf7 Bg7) 34... Bf8 (34... Bc5 35. Bxc5
(35. Rf7 Kxf7 36. Qxh7+ Ke8 37. Bxc5 R8c7 $18) 35... Rxc5 36. Rf7 Kxf7 37.
Qxh7+ Ke6 38. Qxg6+ Kxe5 39. f4+ $1 Kd4 40. Qg7+ $18) (34... Qc7 35. Rf3 Rf8
36. e6 Rc1 37. Qxh7+ $1 Kxh7 38. Rh3+) (34... Rc1 35. Qe6+ Kh8 36. Rf7 Rxg1+
37. Kxg1 Bf8 38. Qh3 Qg5+ 39. Kh2 Qh6 40. Qxh6 Bxh6 41. Rxb7) 35. e6 Rc1 36.
Rf7 Rxg1+ 37. Kxg1 Qg5+ 38. Kf1 $16) 33... Be7 34. Rxd5 Qe8 35. Qg4 (35. Qh3
Rd8) 35... Bc5 36. Bxc5 Rxc5 37. Rxc5 1/2-1/2

[Event "EU-ch 2nd"]
[Site "Ohrid"]
[Date "2001.06.07"]
[Round "7"]
[White "Golod, Vitali"]
[Black "Hillarp Persson, Tiger"]
[Result "1-0"]
[WhiteElo "2593"]
[BlackElo "2443"]
[Annotator "Golod,V"]
[PlyCount "37"]
[EventDate "2001.06.01"]
[EventType "swiss"]
[EventRounds "13"]
[EventCountry "YUG"]
[SourceTitle "CBM 084"]
[Source "ChessBase"]
[SourceDate "2001.09.13"]
[SourceVersion "1"]
[SourceVersionDate "2001.09.13"]
[SourceQuality "1"]

1. d4 d5 2. Nf3 Nf6 3. c4 dxc4 {I certainly did not expect such turn of events.
Before in all games in this position my contender played 3... c6.} 4. e3 Be6 $5
{One more surprise!} 5. Nc3 {Besides,white has two principales moves:} (5. Nbd2
) ({and} 5. Na3) 5... a6 (5... c6 $5 {It's mail line.} 6. Ng5 {See comments to
Gelfand,B-Zilberman,Y/Tel Aviv,1999/CBM 71 (1-0)(Gelfand,B)(27)}) ({also met
in this position:} 5... Nd5) (5... Nc6) ({and} 5... g6) 6. Ng5 {[%csl Rc4,Ye6]
[%cal Gg5e6] It looks rather logically.} ({Weakly:} 6. e4 {in view of:} b5 7.
a4 c6 $2 (7... b4 $1 $17) 8. axb5 cxb5 9. Nxb5 $36 {Regnet,C-Karger,J/
Wolfstein,1991/GER(1-0)(41)}) 6... Bg4 $5 $146 ({Was checked in the previous
game:} 6... Bd5 $6 7. e4 h6 8. Nxd5 hxg5 9. Nxf6+ exf6 10. Bxc4 Nc6 11. Be3 $14
{Petkevich,J-Kupreichik,V/Vitebsk,1970(1-0)(34)}) 7. f3 ({Probably} 7. Qa4+ {
-senselessly,because of:} Nc6 (7... b5 $2 8. Nxb5 Bd7 9. Qxc4 {[%csl Rc7,Rf7]
[%cal Gb5c7,Gc4f7]} Bxb5 $8 10. Qxf7+ Kd7 11. Qe6+ Ke8 12. Nf7 (12. Qf7+ $2 $11
) 12... Qd7 13. Qxd7+ Nbxd7 14. Nxh8 $16) 8. Qxc4 e6 $11) 7... Bc8 (7... Bh5
$143 {[%cal Rc8h3] and bishop can not return on /^c8-h3.}) 8. Bxc4 ({Again
does not give advantage:} 8. Qa4+ {in view of:} Bd7 (8... Nc6 $5 9. Qxc4 e6 $13
) 9. Qxc4 e6 $11) 8... e6 9. O-O b5 {A little prematurely.} (9... Be7 $142 {
with idea to finish development.}) 10. Bb3 Bb7 $6 {[%csl Re6,Rf7]} ({Also
dubiously:} 10... c5 11. dxc5 Qxd1 (11... Qc7 12. Nge4 $14) 12. Rxd1 Bxc5 13.
Nce4 $14) ({Can be recommended:} 10... Be7) 11. a4 $1 b4 $140 12. Nce4 $14 {
[%csl Ge4,Re6,Rf7,Gg5][%cal Gg5f7,Ge4g5]} Nd5 ({It deserves attention:} 12...
Nxe4 13. Nxe4 {[%csl Rc5]} (13. Nxf7 $5 Kxf7 14. fxe4+ Ke7 15. Qg4 $44) 13...
Nd7 14. Bd2 $14) ({Badly:} 12... Nbd7 $2 {in view of:} 13. Nxf7 $1 Kxf7 14.
Ng5+ Ke8 15. Nxe6 Qc8 16. e4 $16 {[%csl Ge6,Re8]}) 13. f4 {[%csl Yf4][%cal
Yf4g5,Gf4f5]} g6 $4 {[%mdl 8192] This move is connected to the elementary
tactical miscalculation.After this mistake I receive the absolutely won
position.} ({It was necessary:} 13... h6 14. Qh5 g6 15. Qh3 $36) 14. Nxf7 $1 {
[%mdl 64]} Kxf7 15. Ng5+ Ke7 ({A little bit better:} 15... Ke8 16. e4 Nf6 17.
Nxe6 Qe7 18. e5 Nd5 19. f5 $18) 16. e4 h6 (16... Nf6 $143 17. Nxe6 Qd7 18. e5
Nd5 19. Nc5 Qc8 20. f5 $18) 17. f5 $1 $18 {[%csl Gc1,Rd8,Re7] This move as a
matter of fact decides a game.} gxf5 ({Also loses right away:} 17... hxg5 18.
Bxg5+ Nf6 (18... Ke8 19. Bxd8 Ne3 20. Qc1 Nxf1 21. Qxc7 $18) 19. fxe6 Bg7 20.
e5 Rf8 21. d5 $1 $18 {[%csl Rf6,Gg5][%cal Gd1f3]}) 18. exd5 Bxd5 19. Re1 $1 {
My contender has surrendered in view of the following variant:} (19. Re1 Bxb3 (
19... Rg8 20. Nxe6 Rxg2+ 21. Kf1 $18 {[%csl Rd5,Rd8,Re7,Rg2]}) 20. Qxb3 Qxd4+
21. Kh1 {[%csl Re7]} Qd7 $8 (21... hxg5 $2 22. Qxe6+ Kd8 23. Qe8#) (21... e5 $2
22. Qe6+ Kd8 23. Nf7#) 22. Nxe6 $18 {[%csl Gb3,Ge1,Ge6,Re7]}) 1-0

[Event "ISR-chT"]
[Site "Israel"]
[Date "2002.01.19"]
[Round "2"]
[White "Golod, Vitali"]
[Black "Klenburg, Mikhail"]
[Result "1-0"]
[WhiteElo "2516"]
[BlackElo "2379"]
[Annotator "Golod,V"]
[PlyCount "93"]
[EventDate "2002.01.10"]
[EventType "team"]
[EventRounds "11"]
[EventCountry "ISR"]
[SourceTitle "CBM 088"]
[Source "ChessBase"]
[SourceDate "2002.03.21"]
[SourceVersion "1"]
[SourceVersionDate "2002.03.21"]
[SourceQuality "1"]

1. d4 d5 {Already first move of my friend, was for me by complete
unexpectedness.} 2. c4 dxc4 3. Nf3 Nf6 4. e3 b5 $5 {[%mdl 4] Rather rare
variant.} 5. a4 ({Is a possible continuations of the play:} 5. b3 $5 {You can
see comments to Neven,K-Rovan,E/IECG,1999/76 telechess(1-0)(Neven,Knut)(28)})
5... b4 6. Bxc4 e6 7. O-O Be7 8. Qe2 Bb7 9. Nbd2 $5 ({Were checked in the my
preceding game:} 9. Rd1 $5 {/\Bd3,e4} O-O 10. Bd3 Nbd7 11. Nbd2 $5 {[%csl Rc4]
[%cal Gd2b3,Gd2c4,Gc4e5,Gc4a5] Golod,V-Rabinovich,A/ISR,1998(1/2-1/2)(42)})
9... O-O 10. b3 {I have decided to play more reliably.} ({Can be recommended:} 
10. Nb3 $5 {Huzman,A}) ({Apparently is premature:} 10. e4 {because of:} c5 $132
{See comments to Gofshtein,L-Rabinovich,A/Tel-Aviv,1998/CBM 65(0-1)(Huzman,A)
(39)}) 10... Nbd7 11. Bb2 c5 12. Rfd1 {[%csl Gd1,Rd8]} Qa5 $5 ({Weakly:} 12...
Bd6 {/\Qe7,in view of:} 13. e4 {[%csl Rd6,Rf6][%cal Ge4e5]}) 13. Ne5 $146 (13.
Rac1 $142 Rfd8 14. Bb5 a6 $140 15. Bd3 cxd4 16. Bxd4 Rac8 17. Nc4 $14 {
Savchenko,S-Rabinovich,A/Antwerp,1999(1-0)(45)}) 13... Rfd8 ({Pretty dubiously:
} 13... Nxe5 {because of:} 14. dxe5 Nd5 15. Ne4 $1 $36 {[%csl Rg8]}) 14. Ndf3 {
[%csl Rf7][%cal Gf3g5]} Nxe5 15. Nxe5 {Obviously,that this move is better,than:
} (15. dxe5 Ne4 $5 (15... Nd5 $13 {[%cal Gd5b6]}) 16. Qc2 Rxd1+ 17. Rxd1 Rd8
18. Bd3 h6 $13 {[%csl Rd1,Yh6][%cal Ge4g5]}) 15... cxd4 16. Rxd4 Rxd4 (16...
Qxe5 $4 {is refuted by:} 17. Rxd8+ Rxd8 18. Bxe5) 17. Bxd4 (17. exd4 $143 Bd5
18. Bxd5 Qxd5 {><d5} 19. Qc2 $11 {<->c}) 17... Bd6 {[%csl Ga5,Gd6,Re5]} ({
After:} 17... Ne4 $2 {white have a strong tactical opportunity:} 18. Nxf7 $1
Kxf7 19. Qg4 {[%csl Re6,Rg7]} Qg5 20. Qxe6+ Ke8 21. Bb5+ Kf8 22. Bc6 $1 {
[%csl Rb7,Re4]} Nd6 23. Bxb7 Nxb7 24. Qe4 $16 {[%csl Rb7]}) 18. f4 $1 {[%csl
Re4][%mdl 32] The responsible, but correct decision.} (18. Ng4 $143 Nxg4 (18...
Ne4 $5) 19. Qxg4 Bf8 $11) 18... Bd5 (18... Bc5 $5) 19. Rd1 Bf8 $6 ({It was
much better:} 19... Bxe5 20. Bxe5 Bxc4 21. Qxc4 Ng4 {[%csl Re3,Re5]} 22. Qc6
Rf8 $132) 20. Bxd5 Qxd5 21. Qc2 $5 {/\Bxa7 or Nxf7(ףd5).} ({Besides I had
interesting tactical opportunity, which was mentioned by Mark Tseitlin after
the game:} 21. Nxf7 Kxf7 22. Bxf6 Qxb3 23. Be5 Qxa4 $140 24. f5 $132 {[%csl
Rf7] but, by and large,I had no need to sacrifice a material and to aggravate
game.}) 21... Qb7 22. Qc6 $14 Qxc6 23. Nxc6 a6 24. Rc1 {[%mdl 32] After long
meditation I have understood,that it is necessary to keep a bishop.} (24. Bxf6
$143 gxf6 25. Rc1 (25. Rd8 Rxd8 26. Nxd8 Bc5 27. Kf2 Kf8 {+/=/=}) 25... Bd6 {
[%cal Gg8f8,Gf8e8,Ge8d7] +/=/=}) 24... Ne4 $6 {[%csl Rb3][%cal Ge4d2]} (24...
Nd5 $5 {/\g6,Bg7} 25. g3 {[%cal Ge3e4]} Rc8 26. Rc4 f5 27. Kf2 {/\Kf3,e4+/=})
25. Rc2 {[%csl Yc2,Rd2][%cal Yc2d2]} f6 26. Kf1 {[%cal Gf1e2,Ge2d3]} Kf7 27.
Ke2 Rc8 $4 {[%mdl 8192]} ({It was necessary:} 27... Bd6 $5 28. Kd3 f5 29. a5
$14) {[%tqu "En","?Please enter the best move for white.","It is necessary to
use a weakness of the black rook!","","c6e5","",10,"c6b4","",0,"e2d3","vvidu:",
0]} 28. Ne5+ $1 {Obviously,it's strongest move,though I absolutely overlooked
about a simple capture a Pb4:} (28. Nxb4 Rb8 29. Nxa6 Rxb3 30. a5 Ra3 31. Bb6
$16) ({Senselessly:} 28. Kd3 {because of:} Nf2+ {[%csl Yc2,Rc6][%cal Yc2c6]})
28... fxe5 29. Rxc8 exd4 30. exd4 {[%csl Ra6][%mdl 1024]} Nc3+ ({Also loses:} 
30... Be7 31. a5 Nc3+ 32. Kd3 Nb5 33. Rc6 Bf6 34. Rxa6 Nxd4 35. Ra7+ (35. Kc4
$5) 35... Kg6 36. a6 Nxb3 $140 37. Rc7 {[%cal Ga6a7]} (37. Rxg7+ $143 Bxg7 38.
a7 Nc5+ 39. Ke3 b3 40. a8=Q b2 41. Qa2 $16) 37... Nd4 38. a7 Nb5 39. a8=Q Nxc7
40. Qe4+ Kf7 41. Qb7 $18 {[%csl Rb4,Rc7]}) 31. Kd3 $18 {[%csl Ra6][%cal Gc8a8]}
Nd5 32. g3 $5 ({Also deserves attention:} 32. Rc6 Nxf4+ 33. Ke4 Nxg2 34. Rxa6 {
[%csl Ga4]}) 32... Be7 ({Beforehand,Mikhail did not see that it is impossible:
} 32... Bd6 {in view of:} 33. Rc6 {[%csl Ra6,Rd6]}) 33. a5 $1 {[%csl Ra6][%cal
Gc8c6,Gc6a6]} Bd6 {By loss of tempo,all the same it is necessary to put the
bishop on this point.} 34. Rc6 Ke7 35. Rxa6 Kd7 36. Ra8 Kc6 37. Rg8 {[%csl Rg7,
Rh7]} (37. a6 $5 Nc7 $140 38. Rg8 {[%csl Rg7,Rh7]}) 37... g6 38. Rg7 {[%csl
Rh7][%cal Ga5a6]} Kb5 $8 39. Rxh7 Kxa5 40. Rh6 $5 ({Also brings a easy win:} 
40. Rg7 $5 Ne7 41. Ke4 Kb5 $140 42. Rxe7 $1 Bxe7 43. Ke5 Kc6 (43... Bf8 44.
Kxe6 Bg7 45. d5 Kc5 46. d6 $18) 44. Kxe6 Bd6 (44... Bf8 45. Kf7 {[%csl Rf8,Rg6]
}) 45. h4 {[%csl Gd4,Rd6,Gf4,Gg3,Rg6,Gh4]} Bc7 46. Kf6 Kd5 47. Kxg6 Kxd4 48. h5
Kc3 49. h6 Bb6 50. f5 Kxb3 51. h7 Bd4 52. f6 $18 {[%cal Gh7h8]}) 40... Ne7 41.
h4 {[%csl Re6][%cal Gh4h5]} Kb6 42. h5 gxh5 43. Rxe6 Kc6 (43... Kc7 $144 44.
Rf6 $1 (44. Ke4 $143 Nc6 {[%cal Gc6a5]} 45. Rh6 $140 Na5 46. Kd5 $1 {[%csl Rd6]
} Bf8 {[%csl Rb3]}) 44... Kd7 (44... Nc6 45. Rf5 {[%csl Rh5][%cal Yf5a5,Gf5h5]}
) 45. Ke4 {[%csl Ye4,Rh5]} Kc6 (45... Ng8 46. Rg6 Ne7 47. Rg5 $18) 46. Rh6 Nd5
47. Kd3 $18 {[%csl Rh5]}) 44. Ke4 Kd7 (44... Nd5 45. Rh6 $22 Nc3+ 46. Kd3 Nd5
47. Rxh5 $18 Bxf4 $140 48. Rxd5) 45. Rh6 ({It was a little better:} 45. d5 {
[%csl Yd5,Re7][%cal Ge6h6]}) 45... Ng8 46. Rg6 Ne7 47. Rg5 {[%csl Yg5,Rh5]
[%cal Yg5a5,Gg5h5]} 1-0

[Event "Prague Masters 2nd"]
[Site "Prague"]
[Date "2020.02.21"]
[Round "9"]
[White "Navara, David"]
[Black "Harikrishna, Pentala"]
[Result "0-1"]
[WhiteElo "2717"]
[BlackElo "2713"]
[Annotator "Harikrishna,P"]
[PlyCount "98"]
[EventDate "2020.02.12"]
[EventType "tourn"]
[EventRounds "9"]
[EventCountry "CZE"]
[EventCategory "19"]
[SourceTitle "CBM 195"]
[Source "ChessBase"]
[SourceDate "2020.04.30"]
[SourceVersion "1"]
[SourceVersionDate "2020.04.30"]
[SourceQuality "1"]

{When I was asked to analyse my games from the Prague Masters 2020, it was a
rather easy choice for me! The only game where I played well and won was from
round 9. Unfortunately, I won against Navara David who had a small chance to
share the first place had he won against me. I, on the other hand, was on -1
and hoping to finish on 50% :)  It is always difficult for us to play against
each other. It is funny we prepared many openings together, and yet we keep
finding new variations to play! Usually it is David who suprises me with
opening choices. In this game I decided to play something unusual.} 1. d4 d5 2.
c4 dxc4 {This is the first suprise for David. I usually play the QGA usually
in rapid or blitz. To be honest, I am not a fan of this opening :)} 3. Nf3 ({
I prefer} 3. e4 {, on the other hand it is difficult to remember all the
details if White is not prepared!}) 3... Nf6 (3... a6 {I was considering to
play this. I felt there is no risk for White here and at best Black can hope
for is a draw.} 4. e3 b5 5. a4 Bb7 6. b3 e6 7. bxc4 (7. axb5 axb5 8. Rxa8 Bxa8
9. bxc4 bxc4 10. Bxc4 Nf6 $11) 7... bxc4 8. Bxc4 Nf6 9. O-O c5 10. Nbd2 {
I like White's chances here. Some correspondence games ended in a draw.}) 4. e3
Bg4 {Objectively I think this move is dubious. However, it was the last round,
and I felt this surprise would give me chances.} 5. Bxc4 (5. h3 {White can
include h3-Bh5 if he wants, we will reach similar position to the game.} Bh5 6.
Bxc4 e6) 5... e6 6. Nc3 {White has a solid approach with Nbd2, b3 and Bb2 when
he should be slightly better I feel. David goes for the direct approach.} (6.
Qb3 Bxf3 7. gxf3 c5 8. Qxb7 Nbd7 9. Nc3 cxd4 10. exd4 Bd6 $13 {Black has
sufficient counter chances for the pawn. I doubt any White player will take
this way.}) 6... Nbd7 7. O-O Be7 8. e4 (8. h3 {I feel this is right way to
start as ...Bxf3 is no longer an option for Black here.} Bh5 9. e4 O-O 10. Bb3
$14 {Avoiding any tricks with ...Bxf3 followed by ...Nb6. White stands better
here.}) 8... O-O 9. e5 {By this time David was spending lot of time on every
move. I felt he was not feeling comfortable with the position. I do not like
the e5 move simply because if Black manages to regroup, the d4 pawn is a big
weakness and a black knight can occupy the beautiful d5 square.} (9. h3 {
Here it is not as effective as one move earlier.} Bxf3 10. Qxf3 c5 11. e5 Ne8
12. Be3 cxd4 13. Bxd4 Nb6 14. Qd3 Nxc4 15. Qxc4 Rc8 {White is symbolically
better.}) 9... Ne8 10. Be3 c6 {[%cal Ye8c7,Yc7d5,Yd7b6]} 11. h3 Bh5 {I had
intended this kind of position when I went for this variation. I felt Black's
play is easier than White's. To my surprise the engine still prefers White. I
cannot disobey the silicon monster :)} 12. g4 {I don't like this move. I don't
see any clear plan for White in terms of improving his pieces. If he cannot do
that, then g4 is a clear weakness.} (12. Bd3 Nb6 13. Ne4 Nd5 14. Ng3 Bxf3 15.
Qxf3 Nxe3 16. fxe3 f5 $11) (12. Ne4 Nc7 13. Ng3 Bg6 14. Bd3 Bxd3 15. Qxd3 Nd5
16. Ne4 Nxe3 {Black is doing fine here.}) 12... Bg6 13. Ne1 {[%cal Yf2f4,Yf4f5]
} Nb6 14. Bb3 Nc7 15. f4 f5 16. Nd3 $2 {This is a serious mistake. White had
to take on f6.} (16. exf6 Bxf6 17. Nf3 Nbd5 {The position is roughly equal. I
am surprised the engine likes White - practically, it's quite difficult for
him to handle such a position.}) 16... Nbd5 17. Qd2 Qd7 18. Rac1 Rad8 19. Nxd5
Nxd5 20. Nc5 (20. g5 Nxe3 21. Qxe3 Qxd4 22. Bxe6+ Bf7 $17) 20... Bxc5 21. Rxc5
fxg4 22. hxg4 Be4 $1 {David missed this move and now his position is clearly
worse. The Be4 controls a lot of important squares. White's king suddenly
looks exposed.} 23. Qe1 Qf7 24. Bd2 Qg6 25. Qh4 Rd7 26. Qh5 Qxh5 27. gxh5 Nc7
$1 {I had this move in mind before. I felt Black is either gaining a pawn or
exchanging the light-squared bishop which is technically winning for him.} 28.
Be3 Bd5 29. Bd1 {David is always tricky, so I decided to calculate until the
end to make sure my bishop was safe after capturing on a2.} (29. Bc2 $2 b6 30.
Rc3 Nb5 31. Rd3 Bc4 $19) 29... Bxa2 30. Bg4 (30. b3 Bb1 {[%cal Yb1f5]} 31. Bf3
Bf5 $19) 30... Bd5 31. f5 exf5 32. Rxf5 Rxf5 33. Bxf5 Rf7 {The rest does not
need any comments as White is completely lost here. David was playing for some
tricks at the end.} 34. Bc8 Rf3 35. Bf2 Rb3 36. Bh4 Kf7 {I wanted to be as
solid as possible and exchange the light-squared bishops. :)} (36... Rxb2 $19 {
was simpler:} 37. Bd8 Nb5 38. e6 Nd6 39. e7 Rb1+) 37. Rc2 Be6 38. Rf2+ Ke8 39.
Rg2 Bxc8 40. Rxg7 Nd5 (40... Ne6 41. Rxh7 Nxd4 $19 {was also winning.}) 41.
Rg8+ Kd7 42. e6+ Kxe6 43. Rxc8 Rh3 44. Bd8 Rxh5 (44... Rg3+ 45. Kf2 Rg8 $19)
45. Rb8 Kd7 46. Ba5 b6 47. Bd2 a5 48. Kg2 Kc7 49. Rh8 Kb7 {Here David decided
to resign as Black is simply two pawns up with the king going to c4. I could
understand his desire to somehow survive as it was the last round and he still
had a chance to share the first place.  I want to thank the organisers at the
Novy Bor Chess Club for organising a high level event with an interesting
field. With each year, the organisation is learning and improving the
conditions.} 0-1

[Event "Petermaennchen GM"]
[Site "Schwerin"]
[Date "1999.08.12"]
[Round "5"]
[White "Levin, Felix"]
[Black "Kalinin, Oleg"]
[Result "1-0"]
[WhiteElo "2531"]
[BlackElo "2432"]
[Annotator "Huzman,A"]
[PlyCount "39"]
[EventDate "1999.08.09"]
[EventType "tourn"]
[EventRounds "9"]
[EventCountry "GER"]
[EventCategory "10"]
[SourceTitle "CBM 073"]
[Source "ChessBase"]
[SourceDate "1999.12.01"]
[SourceVersion "1"]
[SourceVersionDate "1999.12.01"]
[SourceQuality "1"]

1. d4 d5 2. c4 dxc4 3. Nf3 Nf6 4. e3 Bg4 5. Bxc4 e6 (5... Bxf3 6. Qxf3 c6 7.
O-O Nbd7 8. Nc3 Nb6 9. Bb3 e6 (9... g6 10. h4 Bg7 11. h5 O-O 12. hxg6 hxg6 13.
Qg3 e6 14. Rd1 Nbd5 15. Qf3 Qe7 16. e4 Nxc3 17. bxc3 e5 18. Re1 $16 {1/2-1/2
Bruno,F-Albano,M/ITA-ch 1981 (43)}) 10. Bc2 Nbd5 11. Bd2 Bb4 12. a3 Bxc3 13.
bxc3 O-O 14. c4 Nb6 15. Qe2 Re8 16. Rfd1 e5 17. Bc3 e4 18. a4 $16 {1-0 Maibach,
B-Eigenmann,A/Pizol 1997/EXT 99 (42)}) 6. h3 Bxf3 $6 7. Qxf3 c6 8. O-O Nbd7 (
8... Be7 9. Nc3 (9. b3 Nbd7 10. Bb2 Qa5 11. Nc3 h6 12. a3 Rd8 13. b4 Qc7 14. e4
b5 15. Bd3 a6 16. Rac1 Qb6 17. Ne2 O-O 18. e5 Nd5 19. Qe4 $40 {1/2-1/2 De
Grott,A-Dissels,H/NLD-ch M corr 1991/CR97-91 (49)}) 9... O-O 10. Rd1 Qc8 (10...
Nbd7 11. Bb3 Qb6 12. e4 Rad8 13. Be3 Qb4 14. Rab1 Rfe8 15. Bc2 Nf8 16. a3 Qa5
17. e5 Nd5 18. Ne4 Rd7 19. Rd3 Qd8 20. Rbd1 a6 21. Bc1 Ng6 22. Qg3 $36 {
1/2-1/2 Llanos,G-Mendez,E/Buenos Aires 1993/EXT 98 (64)}) (10... Nd5 11. e4
Nxc3 12. bxc3 Nd7 13. Rb1 b5 14. Bd3 Nb6 15. Qg3 Re8 16. Bh6 Bf8 17. h4 $36 {
0-1 Danner,G-Stanec,N/Graz 1998/EXT 99 (40)}) 11. e4 Na6 12. Bf4 Rd8 13. Rac1
Rd7 14. Bg3 Qf8 15. d5 exd5 16. exd5 Nb4 17. dxc6 Nxc6 18. Rxd7 Nxd7 19. Bd5
$14 {1-0 Heyken,E-Schoppmeyer,M/BL2-SW 1989/GER-chT2 (35)}) 9. Rd1 Bd6 (9...
Be7 10. e4 O-O 11. Nc3 Qa5 12. Qe2 $16) 10. Nc3 O-O 11. Bb3 (11. e4 e5 12. d5
Nb6 (12... cxd5 13. Nxd5 Nxd5 14. Bxd5 $16) 13. Bb3 cxd5 14. exd5 h6 (14... Rc8
15. Bg5 $16) 15. Be3 $14) 11... Qe7 (11... e5 $5 12. d5 Nc5 13. dxc6 e4 14. Qf5
bxc6 (14... g6 15. Qg5 bxc6 16. Bc2 $16) 15. Bc2 Qe7 $132 16. b4 $140 Qe5 17.
Qxe5 Bxe5 18. bxc5 Bxc3 19. Rb1 $14) 12. e4 e5 13. d5 h6 (13... Nc5 14. Bg5 $16
) 14. dxc6 bxc6 15. Ne2 $1 $16 {[%cal Ge2g3,Gg3f5]} Kh7 (15... Nc5 16. Ng3 Nxb3
17. axb3 Rfd8 18. Nf5 Qe6 19. Bxh6 $18) 16. Ng3 g6 $2 (16... Bc5 17. Nf5 Qe8
18. Bd2 $16) {[%tqu "En","How White can win immidiately?","","","f3e3","",10]}
17. Qe3 $1 Ng8 18. Qd3 $18 Bc5 19. Qxd7 Qh4 20. Qg4 1-0